• 首页
  • 本馆介绍
  • 公告通知
  • 最新文献
  • 馆藏检索
  • 电子资源
  • 读者导购
  • 参考咨询
  • 我的图书馆
  • 登录
  • 详细信息显示
  • 放入我的书架
  • 预约/预借图书
  • 作者相关作品
  • 分类相关作品
  • 丛书相关作品
  • 出版社相关作品

书目信息

  • 表格格式
  • 工作单格式
  • 卡片格式
题名:
商业银行管理
    
 
作者: 罗斯 , 赫金斯 著 ;刘园 译
分册:  
出版信息: 北京   机械工业出版社  2011
页数: 45,691页
开本: 28cm
丛书名:
单 册:
中图分类: F830.33
科图分类:
主题词: 商业银行--银行管理--教材--英文 , 商业银行 , 银行管理
电子资源:
ISBN: 978-7-111-35539-7
000 01487nam0 2200313 450
001 523
005 20140909102213.40
010    @a978-7-111-35539-7@dCNY88.00
100    @a20111118d2011 em y0chiy50 ea
101 0  @aeng@gchi
102    @aCN@b110000
105    @ay z 000yy
106    @ar
200 1  @a商业银行管理@AShang Ye Yin Xing Guan Li@dBank management & financial services@f(美)彼得 S.罗斯 (Peter S. Rose),(美)西尔维娅 C. 赫金斯著@F( Mei ) Bi De S. Luo Si (Peter S. Rose),( Mei ) Xi Er Wei Ya C. He Jin Si Zhu@g刘园译注@zeng
210    @a北京@c机械工业出版社@d2011
215    @a45,691页@d28cm
300    @a高等学校经济管理英文版教材·经济系列
305    @a据原书第8版译出 与美国麦格劳-希尔教育(亚洲)出版公司合作出版
330    @a本书系统介绍了现代商业银行经营管理的基本原则、主要方法和最新发展。对美、日、德等发达国家银行业混业经营的争议、非银行金融机构对银行业的渗透、金融控股公司在整个银行业咄咄逼人的竞争态势、新型不动产抵押贷款和新型服务交付工具的应用与扩张、各国央行地位和作用的变化、《巴塞尔协议》对金融风险监管政策的变化等都做了详细的探讨。
510 1  @aBank management & financial services@zeng
606 0  @a商业银行@x银行管理@j教材@j英文
606 0  @a商业银行
606 0  @a银行管理
690    @aF830.33@v5
701  0 @c(美)@a罗斯@ALuo Si@c(Rose, Peter S.)@4著
701  0 @c(美)@a赫金斯@AHe Jin Si@c(Hudgins, Sylvia C.)@4著
702  0 @a刘园@ALiu Yuan@c(女)@4译
801  0 @aCN@bTANGWEI@c20140603
905    @b0841526-28@dF830.33@e240@f3
    
    商业银行管理=Bank management & financial services/(美)彼得 S.罗斯 (Peter S. Rose),(美)西尔维娅 C. 赫金斯著/刘园译注.-北京:机械工业出版社,2011
    45,691页;28cm
    高等学校经济管理英文版教材·经济系列
    
    ISBN 978-7-111-35539-7:CNY88.00
    本书系统介绍了现代商业银行经营管理的基本原则、主要方法和最新发展。对美、日、德等发达国家银行业混业经营的争议、非银行金融机构对银行业的渗透、金融控股公司在整个银行业咄咄逼人的竞争态势、新型不动产抵押贷款和新型服务交付工具的应用与扩张、各国央行地位和作用的变化、《巴塞尔协议》对金融风险监管政策的变化等都做了详细的探讨。
●
相关链接 在E读中查询图书 在五车中查询图书 在当当中查询图书 在豆瓣中查询图书


正题名:商业银行管理     索取号:F830.33/240         预约/预借

序号 登录号 条形码 馆藏地/架位号 状态 备注
1 0841526   208415268   第一样本阅览室/ [索取号:F830.33/240] 在馆    
2 0841527   208415277   第一借阅区/ [索取号:F830.33/240] 在馆    
3 0841528   208415286   密集书库-海洋学院/ [索取号:F830.33/240] 在馆    
唐山师范学院图书馆 欢迎您!
大连网信软件有限公司© 版权所有